Derecho internacional público / Theodor Niemeyer ; traducción de Faustino Ballvé
Descripción Física:
188 p. ; 19 cm
Colección:
Colección Labor : Biblioteca de iniciación cultural : Sección VIII : Ciencias jurídicas ; 60
Otros Autores:
Ballvé, Faustino
Materias:
Dret internacional
MARC
| LEADER | 00000nam a2200000Ia 4500 | ||
|---|---|---|---|
| 001 | 1010 | ||
| 008 | 160829s1930 xx 000 0 cat d | ||
| 080 | |a D-1-137 | ||
| 100 | |a Niemeyer, Theodor |9 37837 | ||
| 245 | |a Derecho internacional público / Theodor Niemeyer ; traducción de Faustino Ballvé | ||
| 250 | |a 2a ed. | ||
| 260 | |a Barcelona : |b Labor, |c 1930 | ||
| 300 | |a 188 p. ; |c 19 cm | ||
| 490 | |a Colección Labor : Biblioteca de iniciación cultural : Sección VIII : Ciencias jurídicas ; 60 | ||
| 650 | |a Dret internacional |9 37838 | ||
| 700 | 1 | |a Ballvé, Faustino |9 37839 | |
| 901 | |a Arxiu | ||
| 942 | |n 1 | ||
| 952 | |0 0 |1 0 |4 0 |6 D1137 |7 1 |9 48109 |a Arxiu |b Arxiu |d 2016-12-01 |l 0 |o D-1-137 |p 1010 |r 2016-12-01 00:00:00 |w 2016-12-01 |y ARXIU | ||
| 999 | |c 51912 |d 51912 | ||